000 00358 a2200109 4500
001 ART_11627
005 20260410161858.0
008 260409a
245 1 0 _aOn the specification of models of optimum income taxation
100 1 _aStern, Nicholas H.
773 0 _tJournal of public economics
_g- Vol. 6, NÂș 1/2 (jul./ago. 1976)
_wREV11485
999 _c25681
_d25681